000 00734nam a2200241Ia 4500
005 20260430150244.0
008 008 250103s9999 xx 000 0 eng d
037 _aTheses
040 _aCRL
040 _beng
040 _ceng
041 _2eng
041 _aeng
084 _qCRL
100 _aArora Jaya Au.; Maharaj K.Pandit Gu.
_91236950
245 0 _aVegetation dynamics of the landslide-induced disturbed habitats in Nanda Devi biosphere reserce area(western himalaya): an ecogenomic study
260 _c2021
300 _a176p.
650 _aEnvironmental Science
700 _aUniversity of Delhi. Faculty of Science. Department of Environmental Studies
_9540397
942 _cTH
999 _c1849342
_d1849342